Financial incentives for sustainable buildings (Record no. 106994)

MARC details
000 -LEADER
fixed length control field 01255cad a22002055a 4500
001 - CONTROL NUMBER
control field L138087
008 - FIXED-LENGTH DATA ELEMENTS--GENERAL INFORMATION
fixed length control field 070516s2005 xxk f s 000 0 eng d
035 ## - SYSTEM CONTROL NUMBER
System control number (Sirsi) u138087
041 0# - LANGUAGE CODE
Language code of text/sound track or separate title eng
110 2# - MAIN ENTRY--CORPORATE NAME
Corporate name or jurisdiction name as entry element Drivers Jonas
9 (RLIN) 1941
245 00 - TITLE STATEMENT
Title Financial incentives for sustainable buildings
Remainder of title 10 years on
Medium [electronic resource]
260 ## - PUBLICATION, DISTRIBUTION, ETC.
Place of publication, distribution, etc. London
Name of publisher, distributor, etc. Drivers Jonas
-- 2005
520 ## - SUMMARY, ETC.
Summary, etc. Reports on the third of Drivers Jonas' studies based on questionnaires regarding. Replicates the questions of earlier surveys to ascertain how attituded have changed. Reveals limited understanding of sustainability issues, and the Energy Performance of Buildings Directive. The market seems ill-prepared for forthcoming legislation. Views on incentives for sustainable building construction are positive. General opinion seems to be that the effects of sustainable buildings have yet to hit the market, but will do in future.
520 ## - SUMMARY, ETC.
Summary, etc. Item not found on Drivers Jonas website 12/9/2011.
650 24 - SUBJECT ADDED ENTRY--TOPICAL TERM
Topical term or geographic name entry element DIRECTIVE 2002/91/EC
651 #4 - SUBJECT ADDED ENTRY--GEOGRAPHIC NAME
Geographic name United Kingdom
Chronological subdivision
690 ## - LOCAL SUBJECT ADDED ENTRY--TOPICAL TERM (OCLC, RLIN)
Topical term or geographic name as entry element BUILT ENVIRONMENT-SUSTAINABLE CONSTRUCTION
856 40 - ELECTRONIC LOCATION AND ACCESS
Uniform Resource Identifier <a href="https://www.driversjonas.com/uk.aspx?doc=20869View the item for free at www.driversjonas.com. Registration is required...">https://www.driversjonas.com/uk.aspx?doc=20869View the item for free at www.driversjonas.com. Registration is required...</a>
942 ## - ADDED ENTRY ELEMENTS (KOHA)
Suppress in OPAC 0
Holdings
Withdrawn status Lost status Source of classification or shelving scheme Damaged status Not for loan Home library Current library Shelving location Date acquired Total Checkouts Full call number Barcode Date last seen Copy number Price effective from Koha item type
    Dewey Decimal Classification     Virtual Virtual Online 16/05/2007   ONLINE PUBLICATION 138087-1001 06/08/2019 1 06/08/2019 Book